| 000 | 00807nam#a22002775ar4500 | ||
|---|---|---|---|
| 001 | 3299 | ||
| 003 | AR-ClEAG | ||
| 005 | 20251104122152.0 | ||
| 008 | 251104s1973####mx#abced#####||01#||spa|| | ||
| 040 |
_aAR-ClEAG _cAR-ClEAG |
||
| 080 | _a504.4 | ||
| 084 | _aK88 | ||
| 100 | 1 |
_aKuczynski, David _938 |
|
| 245 | 1 | 0 |
_aLas bacterias sean unidas : Una introducción a la ecología de los ríos urbanos _bMedio Ambiente / _cDavid Kuczynski-. |
| 250 | _a1ª ed. | ||
| 260 |
_aItuzaingó : _bMaipué, _c2017. |
||
| 300 |
_a120 p. : _bil., fot ; _c17 cm. |
||
| 653 | _aEcología | ||
| 653 | _aBacterias | ||
| 653 | _aríos urbanos | ||
| 653 | _aEcología acuática | ||
| 653 | _aContaminación | ||
| 653 | _aMedioambiente | ||
| 942 |
_cBK _2udc |
||
| 980 |
_63 _aGerardo Ochoa _83 _gGerardo Ochoa |
||
| 999 |
_c3299 _d3299 |
||